Die hies. orth. isr. Kirchengemeinde

... na svojom zasadaní dňa 23. apríla si zvolila za predsedu Šimona (Simon) Scharmanna. Ďalší hodnostári. Uznesenie o výstavbe maďarskej elementárnej školy.

Podrobná bibliografia
Médium: Článok
Jazyk:German
Témy:
Zdroj: 1. Kaschauer Zeitung : Kassa-Eperjesi Értesitő 1. Roč. 67, č. 51 (04.05.1905) s. 1
LEADER 01184nab#a2200337#ar4500
001 000079813
003 SVKKK
005 20050718xxxxxxx.
008 06 c xo gero
FMT
038 |a SVKKK 
040 |a SVKKK  |b slo  |e AACR2 
041 0 |a ger 
044 |a xo  |c SK 
080 |a 296(Abov):296.1 
080 |a 296(Abov):296.2 
242 1 0 |a Tunajšia ortodoxná židovská náboženská obec 
245 0 0 |a Die hies. orth. isr. Kirchengemeinde 
500 |a Ex/M 74 
520 2 |a ... na svojom zasadaní dňa 23. apríla si zvolila za predsedu Šimona (Simon) Scharmanna. Ďalší hodnostári. Uznesenie o výstavbe maďarskej elementárnej školy. 
650 0 4 |a elementárna škola židovská s vyučovacím jazykom maďarským - Košice - uznesenie o výstavbe 
650 0 4 |a ortodoxná židovská náboženská obec, Košice - voľba predsedu - Scharmann, Šimon (predseda) - Košice - 23.04.1905 - správy 
773 0 |t Kaschauer Zeitung : Kassa-Eperjesi Értesitő  |g Roč. 67, č. 51 (04.05.1905) s. 1 
957 |a Košice 
958 |a CI 
958 |a DG 
958 |a SK 
974 |a Ba  |d 20050718 
992 |a RBX 
BAS
998 |a RETRO